000 00601nam a2200277Ia 4500
005 20260401122434.0
008 008 250103s9999 xx 000 0 eng d
020 _a9780230340473
037 _aTB
040 _aEDL
040 _beng
040 _cEDL
041 _2eng
041 _aeng
084 _a820.93FEE
084 _qEDL
245 0 _aIndistinct human in renaissance literature
260 _aNewYork
260 _bPalgrave Macmillan
260 _c2012
300 _a292p
942 _cTB
942 _h820.93FEE
999 _c1847288
_d1847288